Every Williams F1 Engine Supplier - Statistics

General Stats
  • This quiz has been taken 37 times
  • The average score is 9 of 12
Answer Stats
Hint Answer % Correct
2014 - Mercedes
100%
1989 - 1997 Renault
97%
2012 - 2013 Renault
97%
1978 - 1983 Ford Cosworth
90%
1983 - 1987 Honda
90%
2000 - 2005 BMW
87%
2007 - 2009 Toyota
77%
2006 Cosworth
67%
2010 - 2011 Cosworth
67%
1988 Judd
43%
1998 Mecachrome
40%
1999 Supertec
37%
No matching quizzes found
Score Distribution
Percent of People with Each Score
Percentile by Number Answered
Your Score History
You have not taken this quiz